Padá rudá hvězda /
Akční thriller, ve kterém se opět dostává na scénu agent Daniels, jehož nová mise na záchranu světa míří tentokráte do Ruska.
Uloženo v:
| Série: | Luke Daniels,
část 2 |
|---|---|
| Hlavní autor: | |
| Další autoři: | , |
| Médium: | E-kniha |
| Jazyk: | Czech |
| Vydáno: |
Praha :
Kniha Zlin,
2025
|
| Vydání: | Vydání první |
| Témata: | |
| Příbuzné jednotky: | Z cyklu::
Luke Daniels |
| Tagy: |
Žádné tagy |
| LEADER | 02543nam a2200457 i 4500 | ||
|---|---|---|---|
| 001 | 312796 | ||
| 003 | CZ PrSKC | ||
| 005 | 20260601215729.0 | ||
| 007 | ta | ||
| 008 | 250814s2025 xr g 000 f cze | ||
| 015 | |a cnb003704144 | ||
| 020 | |a 9788076628892 |q (vázáno) | ||
| 035 | |a (OCoLC)1549631646 | ||
| 040 | |a ABG001 |b cze |e rda | ||
| 041 | 1 | |a cze |h eng | |
| 072 | 7 | |a 821.111(73)-3 |x Americká próza |2 Konspekt | |
| 080 | |a 821.111(73)-31 |2 MRF | ||
| 080 | |a (0:82-312.4) |2 MRF | ||
| 100 | 1 | |a Berry, Steve, |d 1955- |7 xx0039170 |4 aut | |
| 240 | 1 | 0 | |a Red star falling. |l Česky |
| 245 | 1 | 0 | |a Padá rudá hvězda / |c Steve Berry, Grant Blackwood ; z anglického originálu Red star falling ... přeložil Jakub Marek |
| 250 | |a Vydání první | ||
| 264 | 1 | |a Praha : |b Kniha Zlin, |c 2025 | |
| 300 | |a 448 stran ; |c 21 cm | ||
| 336 | |a text |b txt |2 rdacontent | ||
| 337 | |a bez média |b n |2 rdamedia | ||
| 338 | |a svazek |b nc |2 rdacarrier | ||
| 520 | 2 | |a Akční thriller, ve kterém se opět dostává na scénu agent Daniels, jehož nová mise na záchranu světa míří tentokráte do Ruska. |b Agent Luke Daniels se vydává na riskantní misi do Ruska. Jeho přítel a kolega John Vince, který byl považován za mrtvého, je ve skutečnosti vězněn na Soloveckých ostrovech. Série dramatických události dovede Lukea až k pátrání po legendární knihovně cara Ivana Hrozného. Tato ztracená sbírka rukopisů ukrývá klíč k zastavení tajného sovětského satelitního programu Rudá hvězda, který ohrožuje celý svět. Lukeova mise je jasná: najít knihovnu, vyřešit hádanku a zabránit ničivému pádu Rudé hvězdy. Nakladatelská anotace. | |
| 655 | 7 | |a americké romány |7 fd131796 |2 czenas | |
| 655 | 7 | |a thrillery (romány) |7 fd184206 |2 czenas | |
| 655 | 9 | |a American fiction |2 eczenas | |
| 655 | 9 | |a thrillers (novels) |2 eczenas | |
| 700 | 1 | |a Blackwood, Grant |7 xx0073080 |4 aut | |
| 700 | 1 | |a Marek, Jakub |7 pna2007403550 |4 trl | |
| 787 | 0 | 8 | |i Z cyklu: |t Luke Daniels |g 2 |
| 900 | |a ABA001 |b 21 | ||
| 928 | 9 | |a Albatros Media - Kniha Zlin | |
| 044 | |a xr | ||
| 910 | |a RBIT002 | ||
| 998 | |d 422059 |a https://core.palmknihy.cz/api/books/422059/cover?t1p0j1 |b https://core.palmknihy.cz/api/books/422059/cover/400?t1p0j1 |c https://core.palmknihy.cz/api/books/422059/cover/50?t1p0j1 |e 2030-02-20 |g 456 |i 9788076628892 |j https://core.palmknihy.cz/api/books/422059/preview.epub |k https://core.palmknihy.cz/api/books/422059/preview.pdf |l |q 49 |r 1 |s https://www.palmknihy.cz/kniha/422059 |t ebook |y 2025 |z 0 |v Luke Daniels |w 2 | ||
| 999 | |d 312794 | ||